Obras morales y de costumbres
Guardado en:
| Autor principal: | |
|---|---|
| Formato: | Libro |
| Lenguaje: | español |
| Publicado: |
Madrid
Gredos
1985
|
| Colección: | Biblioteca clásica gredos, 78
|
| Materias: | |
| Etiquetas: |
Agregar Etiqueta
Sin Etiquetas, Sea el primero en etiquetar este registro!
|
MARC
| LEADER | 00000nam a2200000 a 4500 | ||
|---|---|---|---|
| 001 | UCH6247 | ||
| 003 | CL-VaPUC | ||
| 005 | 20240403093510.0 | ||
| 008 | 091109e19850000SP |||||||||||||||||spa|d | ||
| 999 | |c 337177 |d 337175 | ||
| 020 | |a 8424909739 | ||
| 040 | |c Pontificia Universidad Católica de Valparaíso | ||
| 082 | 0 | 4 | |a 888 PLU 1985 |2 21 |
| 100 | 0 | |a Plutarco |e author |9 319084 | |
| 245 | 1 | 0 | |a Obras morales y de costumbres |
| 260 | |a Madrid |b Gredos |c 1985 | ||
| 300 | |a v | ||
| 490 | 0 | |a Biblioteca clásica gredos, 78 | |
| 500 | |a v.1: Moralia: Sobre la educación de los hijos; cómo debe el joven escuchar la poesía; sobre cómo se debe escuchar; cómo distinguir a un adulador de un amigo; cómo percibir los propios progresos en la virtud; cómo sacar provecho de los enemigos; sobre la abundancia de amigos | ||
| 583 | |a last modification |c 20091109 00:00:00 |k Rodrigo Vera | ||
| 650 | 0 | |a Literatura |9 259151 | |
| 650 | 0 | |a Literatura clásica |9 375458 | |
| 650 | 7 | |a LITERATURA GRIEGA |2 CL-VaPUC |9 258054 | |
| 650 | 0 | |a Escritores |9 313723 | |
| 650 | 0 | |a Civilización griega |9 265578 | |
| 650 | 0 | |a Lectura |9 307634 | |
| 650 | 0 | |a Educación |9 258661 | |
| 651 | 0 | |a Grecia |9 265314 | |
| 942 | |c BK |2 ddc | ||
| 945 | |d 20091109 00:00:00 |a ccalabra | ||